000 00654nam a2200217Ia 4500
001 16994
003 GE_BSU
008 181216s||||||||xx |||||||||||||| ||und||
040 _cGE_BSU
080 _a821.353.1-1 + 821.353.1-11
100 _aბობოხიძე, კ.
245 _aრჩეული
245 _bლექსები, პოემა
245 _cრედ.ირ. არაბული
260 _aთბილისი
260 _bსახელგამი
260 _c1956
300 _a302გვ. : 1 ფურც. პორტრ. ; 23სმ
653 _aლექსები, პოემა
942 _cBK
999 _c50056
_d50056